| 000 | 00539nam a22002057a 4500 | ||
|---|---|---|---|
| 003 | NUST-PNEC | ||
| 005 | 20170116180815.0 | ||
| 008 | 140402b xxu||||| |||| 00| 0 eng d | ||
| 020 | _a8174090843 | ||
| 040 | _cLIBRARY | ||
| 082 | _a510 GRE | ||
| 100 |
_93661 _aGrewal, B.S. |
||
| 245 |
_aHigher engineering mathematics _cDr. B.S Grewal |
||
| 250 | _a35th Ed. | ||
| 260 |
_aNew Delhi: _bKhanna Publishers _cc.2000 |
||
| 300 |
_a1104p. _bill.: _c26cm |
||
| 500 | _aIncludes Index. | ||
| 650 |
_xME _93665 _aMathematics |
||
| 942 |
_2ddc _cBK |
||
| 999 |
_c63524 _d63524 |
||